1358 1159 1931 1914 1760 1709 1908 1948 1251 1404 1549 1380 1311 1912 1061 1040 1060 1555 1183 1290 1889 1984 1309 1015 1680 1641 1406 1186 1224 1055 1178 1706 1296 1231 1730 1422 1520 1414 1336 1390 1851 1243 1051 1974 1527 1562 1126 1946 1528 1902 1698 1876 1728 1047 1721 1079 1469 1828 1752 1797 1831 1986 1625 1379 1107 1411 1604 1022 1577 1396 1508 1868 1797 1497 1497 1829 1652 1284 1744 1430 1945 1656 1127 1881 1749 1001 1751 1234 1564 1097 1025 1388 1739 1956 1337 1334 1226 1830 1669 BCNSPRNW ULIB Ver.6.0+V

เปลี่ยนเป็นภาษาไทย

Change to English
 แสดงรายละเอียดบรรณานุกรม
  กลับหน้าหลัก

Brief Record : Get Marc (ISO 2709) : E-mail record : QR code < ปิดหน้าต่าง
LEADER : 00000nam 2200000uu 4500
001    13399115247
003     ULIB
008    120808s2550||||th 000 0 tha d
020    ^a9789746451468
060 04 ^aWA671^bม246อ 2550
245 10 ^aอนามัยสิ่งแวดล้อม หน่วยที่ 8-15 =^bEnvironmental health
246 31 ^aEnvironmental health
250    ^aพิมพ์ครั้งที่ 6
260    ^a[นนทบุรี] :^bสำนักพิมพ์มหาวิทยาลัยสุโขทัยธรรมาธิราช,^c2550
300    ^a2 เล่ม :^bภาพประกอบ ;^c30 ซม.
500    ^a"เอกสารการสอนรายวิชา 52203 หน่วยที่ 1-7, 8-15" -- หน้าปกใน
500    ^aสิ่งพิมพ์ของ มหาวิทยาลัยสุโขทัยธรรมาธิราช
500    ^aSend to Single Search
591    ^aLICL มีปี 2528, 2546
650  4 ^aสุขาภิบาลสิ่งแวดล้อม
700 0  ^aสนธิ คชวัฒน์
710 2  ^aมหาวิทยาลัยสุโขทัยธรรมาธิราช. ^bสาขาวิชาวิทยาศาสตร์สุขภาพ
945    ^p0^l0^i14652
945    ^p0^l0^i14653
945    ^p0^l0^i14654
995    ^aกัณชพร
999    ^aใช้งานได้ทุกระบบ
รายการนี้ยังไม่มีแท็ก
คุณยังไม่ได้ล็อกอิน คุณสามารถมีกิจกรรมร่วมกับเว็บไซต์ได้ แต่ต้องล็อกอินก่อน ::
  ล็อกอิน

รายการสื่อสารสนเทศ

ลำดับที่ ประเภท เลขเรียก/บาร์โค้ด สถานที่ สถานะ
- ไม่พบข้อมูล -

รายการใกล้เคียง
    หัวเรื่อง [สุขาภิบาลสิ่งแวดล้อม]

BibComment


ยังไม่เคยถูกคอมเมนท์

คอมเมนท์ทรัพยากรรายการนี้
  คอมเมนท์: อนามัยสิ่งแวดล้อ..


 Copyright 2026. Bcnsprnw @Library